000 00743nam a2200241 a 4500
001 BRCA_7101
005 20190320205719.0
008 271211s1950----enka######---#000-0#eng-#
041 _aeng
044 _aenk
050 4 _aN1070
_b.A753 3 1950
245 1 0 _aBritish School
_cdesigned by Sir Charles Holmes
260 _aLondres
_bTrustees
_c1950
300 _a117 p.
_bil. (200 reproducciones)
_c25 cm.
440 0 _aNational Gallery Illustrations
_v1
_917647
500 _aVer también O111 y O112
500 _aO115
650 1 4 _aPintura británica
_vCatálogos
_xGaleria Nacional
_zInglaterra
_917648
700 1 _aHolmes, C. J.
_d1868-1936
_q(Charles John)
_917649
710 2 _aNational Gallery
_917650
902 _aGFM
942 _2lcc
_cB
999 _c6782
_d6782